| 000 | 007940000a22002410004500 | ||
|---|---|---|---|
| 003 | LK-CoMWRAF | ||
| 005 | 20230918101117.0 | ||
| 008 | 230817t1991 ||||| |||| 00| 0 eng d | ||
| 020 | _a0862329876 | ||
| 040 |
_aLK-CoMWRAF _dLK-CoMWRAF _eLK-CoMWRAF |
||
| 041 | _aeng | ||
| 082 |
_a362.4 _bWOM |
||
| 245 | _aWomen and disability | ||
| 260 |
_aLondon: _bZed Books, _c1991 |
||
| 300 |
_axi, 111 p. : ill. ; 25 cm. _bIndex included |
||
| 490 | _aWomen and world development series | ||
| 650 | _aWOMEN WITH DISABILITIES-Social conditions | ||
| 650 | _a Women with disabilities-Developing countries-Social conditions. . | ||
| 650 | _aRural women-Developing countries-Social conditions | ||
| 650 | _aWomen with disabilities-Rehabilitation. | ||
| 700 |
_aBoylan, Esther _ecomp. |
||
| 942 | _cBK | ||
| 999 |
_c1503 _d1503 |
||